000
00304nam a22001217a 4500
999
_c
6044
_d
6044
245
_a
Credit reporting ACT, 2007 (ACT 726)
_c
by Republic of Ghana
246
_a
ACT 726
260
_a
Accra
_b
Assembly Press
300
_a
33p.
440
_a
Acts of Parliament
650
_a
Credit Reporting Act.
942
_c
REF